|
|
|
|
| LEADER |
00816cam a2200229 7i4500 |
| 001 |
0000005997 |
| 005 |
20170218090000.0 |
| 020 |
|
|
|a 9783540669975
|
| 020 |
|
|
|a 3540669973 (hbk.)
|
| 090 |
0 |
0 |
|a QA76.9.D3
|b B48 2000
|
| 100 |
1 |
|
|a Bettini, Claudio
|
| 245 |
1 |
0 |
|a Time granularities in databases, data mining, and temporal reasoning
|c Claudio Bettini, Sushil Jajodia, Sean Wang.
|
| 260 |
|
|
|a Berlin:
|b Springer,
|c 2000.
|
| 300 |
|
|
|a xi, 230 p.:
|b ill.;
|c 24 cm.
|
| 504 |
|
|
|a Includes bibliographical references and index
|
| 650 |
0 |
0 |
|a Temporal databases
|
| 650 |
0 |
0 |
|a Data mining
|
| 650 |
0 |
0 |
|a Database management
|
| 700 |
1 |
|
|a Jajodia, Sushil
|
| 700 |
1 |
|
|a Wang, Sean
|
| 997 |
|
|
|a Communication, Visual Art & Computing, Faculty
|b Computing, Department
|
| 999 |
|
|
|a 0000008052
|b BOK
|c OPEN SHELF
|e 2nd Floor, Bestari Jaya
|